| 000 | 00643nam a22002057a 4500 | ||
|---|---|---|---|
| 005 | 20100809102336.0 | ||
| 010 | _aENG-98960 | ||
| 020 |
_c90.00 _a9789380370026 |
||
| 035 | _aEN-82492 | ||
| 037 | _bDBAD/PUB | ||
| 082 | _a883 | ||
| 100 |
_aBanu, A. Shajitha _98983 |
||
| 245 |
_aHarmony of the nightingale / _cby A.Shajitha Banu |
||
| 260 |
_aErode _bPallavi Pathippagam _c2009 |
||
| 270 |
_a194, Kanna Complex Mettur Road, _bErode _e11 |
||
| 300 |
_a81 p. _c21 cm. (Pbk) |
||
| 700 | _97380 | ||
| 942 |
_2ddc _cEN _h883 _mBAN |
||
| 999 |
_c40228 _d40228 |
||